Quien es quien en España : edición 1998 edición 1998
ISBN:
84-921-721-2-6
Descripción Física:
1390 p. ; 18 cm
MARC
| LEADER | 00000nam a2200000Ia 4500 | ||
|---|---|---|---|
| 001 | 15268 | ||
| 008 | 160829s1998 xx 000 0 cat d | ||
| 020 | |a 84-921-721-2-6 | ||
| 080 | |a O-1-127 | ||
| 245 | |a Quien es quien en España : |b edición 1998 | ||
| 260 | |a Madrid : |b Campillo, |c 1998 | ||
| 300 | |a 1390 p. ; |c 18 cm | ||
| 590 | |a Índex | ||
| 650 | |a Espanya |x Directoris |x 1998 |9 28585 | ||
| 650 | |a Espanya |x Biografia |x Diccionaris |x Castellà |9 28586 | ||
| 901 | |a Arxiu | ||
| 942 | |n 1 | ||
| 952 | |0 0 |1 0 |4 0 |6 O1127 |7 1 |9 44875 |a Arxiu |b Arxiu |d 2016-12-01 |l 0 |o O-1-127 |p 15268 |r 2016-12-01 00:00:00 |w 2016-12-01 |y ARXIU | ||
| 999 | |c 47473 |d 47473 | ||